[Event "AUT North-ch"]
[Site "Linz"]
[Date "2001.04.10"]
[Round "5"]
[White "Weiss, Christian"]
[Black "Haselgruebler, Reinhold"]
[Result "1-0"]
[WhiteElo "2372"]
[BlackElo "1803"]
[PlyCount "95"]
[EventDate "2001.04.06"]
[EventType "swiss"]
[EventRounds "9"]
[EventCountry "AUT"]
[SourceTitle "EXT 2006"]
[Source "ChessBase"]
[SourceDate "2005.11.24"]
[SourceVersion "1"]
[SourceVersionDate "2005.11.24"]
[SourceQuality "1"]

1. d4 Nf6 2. Nf3 g6 3. g3 Bg7 4. Bg2 d5 5. c4 c6 6. 0-0 0-0 7. Na3 Be6 8. b3 Ne4 9. Bb2 Qa5 10. e3 Nd7 11. Rc1 dxc4 12. Nxc4 Bxc4 13. bxc4 Qxa2 14. Qc2 Nec5 15. Ra1 Qb3 16. Qe2 Qd3 17. Qxd3 Nxd3 18. Ba3 c5 19. Rad1 Nb4 20. dxc5 Nc2 21. Rxd7 Nxa3 22. Nd4 e5 23. Bxb7 exd4 24. Bxa8 Rxa8 25. exd4 Nxc4 26. Rc1 Nd2 27. c6 Bf6 28. d5 a5 29. d6 a4 30. Ra7 Rxa7 31. c7 a3 32. c8Q+ Kg7 33. Qc5 Ra6 34. Qd5 a2 35. Qxd2 a1Q 36. Rxa1 Rxa1+ 37. Kg2 Ra8 38. Qd5 Rd8 39. g4 h6 40. h4 g5 41. f4 gxf4 42. g5 hxg5 43. hxg5 Bb2 44. Kf3 Ba3 45. Qe5+ Kg8 46. d7 Kf8 47. g6 Rxd7 48. g7+ 1-0